000 00570nam a2200205 i 4500
001 63717
003 ES-MaACL
005 20260305063018.0
007 t|
008 031216s1981 sp ||||1| spa d
100 0 _aFierro Bardaji, Alfredo
_950713
245 1 0 _aHistorias de Dios /
_cAlfredo Fierro.
250 _a[1ยช ed.].
260 _aBarcelona :
_bLaia,
_c[1981]
300 _a200 p. ;
_c20 cm.
490 1 _aLaia literatura ;
_v22
830 0 _aLaia literatura ;
_v22
_9182566
852 _aES-MaACL
_jL-1872
_bR.102144
999 _c63717
_d63717